| 000 | 00533nam a2200193Ia 4500 | ||
|---|---|---|---|
| 005 | 20250508163822.0 | ||
| 008 | 008 250505s9999 xx 000 0 eng d | ||
| 020 | _a81-7169-614-7 | ||
| 037 | _aTextBook | ||
| 040 |
_aFEDL _beng _cFEDL |
||
| 041 |
_aeng _2eng |
||
| 084 |
_a305.4, ROY _qFEDL |
||
| 100 |
_aRoy Kalapana _9776447 |
||
| 245 | 0 | _aWomen and child development | |
| 260 |
_aNew Delhi, India _bCommonewalth Publishers _c2000 |
||
| 300 | _avi,311p | ||
| 942 |
_cTB _h305.4, ROY |
||
| 999 |
_c1385442 _d1385442 |
||